000 00268nam a22001097a 4500
008 170120b xxu||||| |||| 00| 0 eng d
020 _a0023045809
041 _aeng
080 _22D
_a618.2
245 _aUNDERSTANDING THE NURSING PROCESS
_cATKINSON. L.D
942 _2udc
_cBK
999 _c3312
_d3312